| 000 | 01304nam0a22003131 4500 | ||
|---|---|---|---|
| 001 | rc\3170917 | ||
| 005 | 20120615112319.4 | ||
| 021 |
_aRU _bП626-76 |
||
| 035 | _a(NLR Aleph) 007308059 | ||
| 090 |
_a5780609 _c5780609 |
||
| 100 | _a20120615d1976 |||y0rusy50 ca | ||
| 101 | 0 | _arus | |
| 102 | _aRU | ||
| 105 | _ay z ||||| | ||
| 200 | 1 |
_aПроизводство готовых быстрозамороженных блюд за рубежом _fМ-во мяс. и мол. пром-сти СССР. ЦНИИ информации и техн.-экон. исследований |
|
| 210 |
_aМосква _cБ. и. _d1976 |
||
| 215 |
_a52 с. _d21 |
||
| 225 | 1 |
_aОбзорная информация _iСерия: Мясная промышленность _v№ 3 |
|
| 300 | _aНа 2-й с. обл. авт.: кандидаты т. н. В.А. Граф, Н.С. Митрофанов, К.П. Венгер, Н.А. Александрова | ||
| 320 | _aБиблиогр.: с. 50-51 | ||
| 701 | 1 |
_aВенгер _bК. П. |
|
| 701 | 1 |
_aАлександрова _bН. А. |
|
| 701 | 1 |
_aГраф _bВ. А. _gВалерий Анатольевич |
|
| 701 | 1 |
_aМитрофанов _bН. С. |
|
| 801 | 0 |
_aRU _bNLR _gpsbo |
|
| 801 | 1 |
_aRU _bELAR _2rusmarc |
|
| 852 |
_aNLR _jП10/4906 |
||
| 942 | _cBOOK | ||
| 980 | _aNB | ||